000 00294nam a22001337a 4500
008 171104b xxu||||| |||| 00| 0 eng d
020 _a9780786303151
041 _aeng
080 _a339.138
100 _a61
101 _aSHTJ
245 _aSOLUTION SELLING
_cBOSWORTH, M.T
942 _2udc
_cBK
999 _c37592
_d37592